• 首页
  • 本馆介绍
  • 公告通知
  • 最新文献
  • 馆藏检索
  • 电子资源
  • 读者导购
  • 参考咨询
  • 我的图书馆
  • 登录
  • 详细信息显示
  • 放入我的书架
  • 预约/预借图书
  • 作者相关作品
  • 分类相关作品
  • 丛书相关作品
  • 出版社相关作品

书目信息

  • 表格格式
  • 工作单格式
  • 卡片格式
题名:
邓小平执政思想研究100年
    
 
作者: ;上海社会科学院邓小平理论和"三个代表"重要思想研究中心 编
分册:  
出版信息: 上海   上海社会科学院出版社  2004
页数: 460页
开本: 26cm
丛书名:
单 册:
中图分类: A849.162
科图分类:
主题词: 毛泽东著作--学习 , 毛泽东著作研究
电子资源:
ISBN: 7-80681-483-3
000 01029nam0 2200229 450
001 0639000562
005 20061208105508.79
010    @a7-80681-483-3@dCNY38.00
100    @a20061208d2004 km y0chiy0120 ea
101 0  @achi
102    @aCN@b310000
102    @aCN
200 1  @a邓小平执政思想研究100年@Adeng xiao ping zhi zheng si xiang yan jiu 100 nian@e纪念邓小平诞辰100周年@f上海社会科学院邓小平理论和"三个代表"重要思想研究中心编@Fshang hai she hui ke xue yuan deng xiao ping li lun he"san ge dai biao"zhong yao si xiang yan jiu zhong xin bian
210    @a上海@c上海社会科学院出版社@d2004
215    @a460页@d26cm
517 1  @a纪念邓小平诞辰100周年@Aji nian deng xiao ping dan chen 100 zhou nian
606 0  @a毛泽东著作@x学习
606 0  @a毛泽东著作研究
690    @aA849.162@v3
711  0 @a上海社会科学院邓小平理论和"三个代表"重要思想研究中心@Ashang hai she hui ke xue yuan deng xiao ping li lun he"san ge dai biao"zhong yao si xiang yan jiu zhong xin@4编
801  0 @aCN@bPFT@c20061208
905    @a10447@dA849.162@e34
    
    邓小平执政思想研究100年:纪念邓小平诞辰100周年/上海社会科学院邓小平理论和"三个代表"重要思想研究中心编.-上海:上海社会科学院出版社,2004
    460页;26cm
    
    
    ISBN 7-80681-483-3:CNY38.00
    
●
相关链接 在E读中查询图书 在五车中查询图书 在当当中查询图书 在豆瓣中查询图书


正题名:邓小平执政思想研究100年     索取号:A849.162/34         预约/预借

序号 登录号 条形码 馆藏地/架位号 状态 备注
1 0374456   203744564   第一样本阅览室/ [索取号:A849.162/34] 在馆    
2 0374457   203744573   第一借阅区/ [索取号:A849.162/34] 在馆    
3 0374458   203744582   第一借阅区/ [索取号:A849.162/34] 在馆    
4 0374459   203744591   第一借阅区/ [索取号:A849.162/34] 在馆    
5 0374460   203744608   第一借阅区/ [索取号:A849.162/34] 在馆    
唐山师范学院图书馆 欢迎您!
大连网信软件有限公司© 版权所有